Biblioteca

God Bless The Child (Registro nro. 48204)

Detalles MARC
000 -LÍDER
Campo fijo de descripción fija 002340000a22001210004500
041 0# - CÓDIGO DE IDIOMA
Código de idioma para texto/pista de sonido o título separado
082 04 - NÚMERO DE CLASIFICACIÓN DECIMAL DEWEY
Número de clasificación CD 037
001 - NÚMERO DE CONTROL
Campo de control 1028
100 1# - ASIENTO PRINCIPAL--NOMBRE PERSONAL
Nombre personal Holiday, Billie
245 10 - TÍTULO
Título del Material God Bless The Child
505 00 - NOTA DE CONTENIDO
Nota de contenido con formato preestablecido Cuento cantado
942 ## - TIPO DE MATERIAL (KOHA)
Tipo de Item KOHA Z- Libro General BINCO
Existencias
Estado de Material Estado de Perdido Volumen-Parte/Tomo Estado de Dañado No para Préstamo Tomo Biblioteca de Origen Biblioteca Permanente Fecha de Adquisición Total de Préstamos Signatura Topográfica Código de Barras Última vez visto Ejemplar/Existencia Fecha de Remplazo Tipo de Material
            Biblioteca Infantil Comunitaria BINCO Biblioteca Infantil Comunitaria BINCO 31/07/2006   CD 037 B30251 24/11/2016 1 26/01/2016 Z- Libro General BINCO

Biblioteca FUSBC | Teléfono: (57+4) 349 88 10 Ext. 141| WhatsApp (+57) 3005338115 
E-mail: biblioteca@unisbc.edu.co | Calle 76 87-14 Robledo Palenque, Medellín, Colombia

Con tecnología Koha